000
003160000a22001330004500
041
0
_a
SPA
082
0
4
_a
G 863 G215c
100
1
_a
García Márquez, Gabriel (1928-)
245
1
0
_a
Cien años de soledad / Gabriel García Márquez
260
_a
Bogota : Oveja Negra
300
_a
403 Pag
001
11638
942
_c
BK
999
_c
40854
_d
40854